000 00461nam a2200169 a 4500
005 20140412111240.0
008 010502s19uu xx 00 eng d
020 _a0-307-06071-3
050 _aTR(PS E
_bMa11 1994
100 _aGleeson, Kate
245 _aMary had a little lamb /
_cKate Gleeson.
260 _aU. S. A :
_bLittle Beasties,
_c1994.
300 _a1v. (unp.) ; ill.
440 _aGolden Board Books
650 _aLamb-Stories
999 _c102682
_d102682